The individual psychology of Alfred Adler : a systematic presentation in selections from his writings /

Teoría de la personalidad de Alfred Adler, disidente de Freud que niega la sexualidad y la represión y las experiencias traumáticas como origen de las psicopatologías.

محفوظ في:
التفاصيل البيبلوغرافية
المؤلف الرئيسي: Ansbacher, Heinz L. (comp.)
مؤلفون آخرون: Ansbacher, Rowena R. (compilación) (compilación)
التنسيق: كتاب
اللغة:الإنجليزية
منشور في: Nueva York, EUA : Basic Books, 1956, c1956
الموضوعات:
الوسوم: إضافة وسم
لا توجد وسوم, كن أول من يضع وسما على هذه التسجيلة!

MARC

LEADER 00000nam^a2200000^a^4500
001 000001477
005 20250521000000.0
009 20260310083108.476
037 |a Acervo ITESO - Biblioteca 
041 |a ING 
082 |a 150. 1953  |b ANS 
100 |a Ansbacher, Heinz L.  |e (comp.) 
245 1 4 |a The individual psychology of Alfred Adler :  |b a systematic presentation in selections from his writings /  |c Comp. de H.L Ansbacher, R.R. Ansbacher. 
264 4 |a Nueva York, EUA :  |b Basic Books,  |c 1956, c1956 
300 |a 503 p. 
336 |a texto  |b txt  |2 rdacontenido 
337 |a sin mediación  |b n  |2 rdamedio 
338 |a volumen  |b nc  |2 rdasoporte 
520 |a Teoría de la personalidad de Alfred Adler, disidente de Freud que niega la sexualidad y la represión y las experiencias traumáticas como origen de las psicopatologías. 
649 |a XX 
650 |a Psicoanálisis Freudiano 
650 |a Psicoanálisis Adleriano 
650 |a Psicología 
650 |a Personalidad 
700 |a Ansbacher, Rowena R.  |e (compilación) 
910 |a Fondo General 
920 |a Impresos - Libros 
930 |a Colección General 
905 |a 101 
901 |a 0014770100  |b IT1  |c ACC  |i 001477  |u 20250521 
902 |a https://opac.biblio.iteso.mx/vufind/Record/000001477